000 00770 a2200181 4500
001 130968
020 _a85-262-2946-X
040 _cLeonardo Da Vinci
041 _aPortuguês
082 _a910 S48g
_bS48g
100 _aSENE, Eustáquio de
_aMOREIRA, João Carlos
245 _aGeografia
_bespaço geográfico e globalização
260 _bScipione
_c1998
_aSão Paulo
300 _a503
362 _a19980000
697 _aGeografia
_aGeopolítica
_aCapitalismo
_aOrdem Bipolar
_aOrdem Multibipolar
_aNova Ordem Mundial
_aGlobalização
_aRelevo
_aHidrografia
_aClima
_aVegetação
_aGuerra Fria
_aPopulação
_aImigração
_aEconomia
_aUrbanização
_aMigração
_aConflitos
_aIndústria
_aIndustrialização
_aAgropecuária
_aTurismo
_aEnergia
_aMinerais
_aEnsino Médio
942 _cBK
999 _c130968
_d130968